000 00930nam0a22002411 4500
001 rc\704236
005 20031121170621.7
035 _a(NLR Aleph) 005939815
090 _a6666937
_c6666937
100 _a20031121d1985 u |0rusy50 ca
101 0 _arus
102 _aRU
105 _aa |||||||||
200 1 _aНа поле смиренном
_eРоманы и повести
_fВалерий Шевчук
_gАвториз. пер. с укр. Н. Дангуловой
210 _aМ.
_cСов. писатель
_d1985
215 _a536 с., 1 л. портр.
_d21
327 1 _aСодерж.: Романы: Дом на горе; На поле смиренном; Повести: Лунная боль; Теплая осень
700 1 _aШевчук
_bВ. А.
_f1939-
_gВалерий Александрович
801 0 _aRU
_bNLR
_gpsbo
801 1 _aRU
_bELAR
_2rusmarc
852 _aNLR
_j86-3/4093
942 _cBOOK
980 _aNB